Great spaces : flexible homes (Record no. 7910)

000 -LEADER
fixed length control field 00364nam a22001457a 4500
003 - CONTROL NUMBER IDENTIFIER
control field OSt
005 - DATE AND TIME OF LATEST TRANSACTION
control field 20200603131818.0
008 - FIXED-LENGTH DATA ELEMENTS--GENERAL INFORMATION
fixed length control field 200603b ||||| |||| 00| 0 eng d
020 ## - INTERNATIONAL STANDARD BOOK NUMBER
International Standard Book Number 9788496263543
082 ## - DEWEY DECIMAL CLASSIFICATION NUMBER
Classification number 728
Item number MOS
100 ## - MAIN ENTRY--PERSONAL NAME
Personal name Mostaedi, Arian
245 ## - TITLE STATEMENT
Title Great spaces : flexible homes
260 ## - PUBLICATION, DISTRIBUTION, ETC. (IMPRINT)
Place of publication, distribution, etc Spain
Name of publisher, distributor, etc Links International
Date of publication, distribution, etc April 24, 2006
942 ## - ADDED ENTRY ELEMENTS (KOHA)
Source of classification or shelving scheme
Holdings
Withdrawn status Lost status Source of classification or shelving scheme Damaged status Koha normalized classification for sorting Not for loan Permanent location Current location Date acquired Total Checkouts Full call number Barcode Date last seen Date last borrowed Price effective from Koha item type
        728_000000000000000_MOS   BMS College of Architecture, Design and Planning BMS College of Architecture, Design and Planning 2020-06-03 2 728 MOS AR-UG1795 2022-04-23 2022-04-13 2020-06-03 UG Books
Copyright © 2025, The Librarian, Library and Information Centre, BMSCA D&P, Bengaluru. All Rights Reserved
web counter

Powered by Koha